Arriva la mamma! /

I tiakina i:
Ngā taipitopito rārangi puna kōrero
Kaituhi matua: Banks, Kate
Ētahi atu kaituhi: Bogacki, Tomek
Hōputu: Pukapuka
Reo:Itāriana
I whakaputaina: Torino : Giralangolo, 2016
Rangatū:Sottosopra
Ngā Tūtohu: Tāpirihia he Tūtohu
Kāore He Tūtohu, Me noho koe te mea tuatahi ki te tūtohu i tēnei pūkete!

MARC

LEADER 00000nam a22000007i 4500
001 IT\ICCU\LUA\0531294
003 ItRI
005 20260115232117.0
008 160616s2016 it |||||| ||||| |||||c
020 |a 9788859231608 
040 |b ita  |c importazione bologna sebina 
041 7 |a ita  |2 ISO-639-2 
100 1 |a Banks, Kate  |0 IT\ICCU\FERV\071428 
240 1 0 |a Mama's coming home  |3 IT\ICCU\LUA\0531295  |9 Banks, Kate 
245 1 0 |a Arriva la mamma! /  |c scritto da Kate Banks ; illustrato da Tomek Bogacki. 
260 |a Torino :  |b Giralangolo,  |c 2016 
300 |a [28] p. :  |b ill. ;  |c 25 cm 
500 |a Traduzione di Luisella Arzani 
700 1 |a Bogacki, Tomek  |0 IT\ICCU\TO0V\330946 
830 0 |a Sottosopra  |0 IT\ICCU\LUA\0530335 
942 |2 ddc  |c BK  |n 0 
952 |0 0  |1 0  |4 0  |6 R_813_540000000000000_BAN  |7 0  |9 20217  |a BO  |b BO  |d 2026-01-15  |i 18721  |l 0  |o R 813.54 BAN  |p BO18721  |r 2026-01-15 23:21:17  |w 2026-01-15  |x [Sebina 5] [1 v.]  |y BK  |z 1 v. 
999 |c 17245  |d 17245